[Event "DSJ Weihnachtsturnier U16: Steinitz 2020"]
[Site ""]
[Date "2020.12.28"]
[Round "3"]
[White "Abele, Moritz"]
[Black "Baerens, Lennart"]
[Result "0-1"]
[Termination "normal"]
[Board "11.4"]
[WhiteElo "766"]
[BlackElo "902"]
[WhiteTeam "SF 90 Spraitbach"]
[BlackTeam "SF Schwerin"]
[PlyCount "150"]
[EventRounds "7"]
[EventType "team-swiss"]
[EventDate "2020.12.28"]

1. e4 {[%emt 0:00:05]} e5 {[%emt 0:00:06]} 2. Nf3 {[%emt 0:00:02]} Nc6 { [%emt
0:00:08]} 3. Nc3 {[%emt 0:00:02]} Nf6 {[%emt 0:00:00]} 4. Bc4 {[%emt 0:00:05]}
Bb4 {[%emt 0:00:09]} 5. Nb5 {[%emt 0:00:11]} Nxe4 {[%emt 0:00:24]} 6. c3 {[%emt
0:00:19]} Bc5 {[%emt 0:00:09]} 7. d4 {[%emt 0:00:19]} Be7 {[%emt 0:00:07]} 8.
dxe5 {[%emt 0:00:19]} O-O {[%emt 0:00:29]} 9. O-O {[%emt 0:00:03]} d5 {[%emt
0:00:44]} 10. Bxd5 {[%emt 0:00:08]} Re8 {[%emt 0:00:45]} 11. Bf4 { [%emt
0:00:37]} Be6 {[%emt 0:00:33]} 12. Bxe4 {[%emt 0:00:12]} Qxd1 {[%emt 0:00:22]}
13. Raxd1 {[%emt 0:00:03]} Rad8 {[%emt 0:00:06]} 14. Nxc7 {[%emt 0:00:05]} Rf8
{[%emt 0:00:20]} 15. Rxd8 {[%emt 0:00:05]} Rxd8 {[%emt 0:00:04]} 16. a3 {[%emt
0:00:22]} Bc4 {[%emt 0:00:32]} 17. Re1 {[%emt 0:00:10]} Be2 {[%emt 0:00:22]}
18. g3 {[%emt 0:00:13]} Bxf3 {[%emt 0:00:08]} 19. Bxf3 {[%emt 0:00:05]} Rd7
{[%emt 0:00:23]} 20. Nb5 {[%emt 0:00:06]} Rd2 {[%emt 0:00:13]} 21. Bxd2 { [%emt
0:00:09]} Nxe5 {[%emt 0:00:11]} 22. Bg4 {[%emt 0:00:12]} Nxg4 {[%emt 0:00:06]}
23. Re5 {[%emt 0:00:00]} Nxe5 {[%emt 0:00:09]} 24. Nc7 {[%emt 0:00:22]} Bd6
{[%emt 0:00:12]} 25. Nd5 {[%emt 0:00:11]} Nf3+ {[%emt 0:00:14]} 26. Kg2 { [%emt
0:00:20]} Nxd2 {[%emt 0:00:06]} 27. b4 {[%emt 0:00:06]} b5 {[%emt 0:00:26]} 28.
f4 {[%emt 0:00:21]} Nc4 {[%emt 0:00:27]} 29. h4 {[%emt 0:00:07]} Nxa3 {[%emt
0:00:06]} 30. Kf3 {[%emt 0:00:10]} Nc4 {[%emt 0:00:14]} 31. Ke4 { [%emt
0:01:32]} Nd2+ {[%emt 0:00:12]} 32. Kd3 {[%emt 0:00:06]} Nf1 {[%emt 0:00:17]}
33. Kc2 {[%emt 0:00:09]} Nxg3 {[%emt 0:00:16]} 34. Kb3 {[%emt 0:00:04]} Nf5
{[%emt 0:00:23]} 35. c4 {[%emt 0:00:08]} bxc4+ {[%emt 0:00:15]} 36. Kxc4 {
[%emt 0:00:03]} Nxh4 {[%emt 0:00:13]} 37. b5 {[%emt 0:00:04]} h5 {[%emt
0:00:26]} 38. Kd4 {[%emt 0:00:05]} Ng2 {[%emt 0:00:15]} 39. Ke4 {[%emt
0:00:06]} h4 {[%emt 0:00:10]} 40. Kf3 {[%emt 0:00:02]} Ne1+ {[%emt 0:00:11]}
41. Kg4 { [%emt 0:00:04]} Ng2 {[%emt 0:00:04]} 42. f5 {[%emt 0:00:08]} h3
{[%emt 0:00:07] } 43. Kxh3 {[%emt 0:00:02]} Nf4+ {[%emt 0:00:04]} 44. Nxf4
{[%emt 0:00:04]} Bxf4 {[%emt 0:00:04]} 45. Kg4 {[%emt 0:00:03]} Bd6 {[%emt
0:00:03]} 46. Kg5 { [%emt 0:00:04]} a5 {[%emt 0:00:05]} 47. Kg4 {[%emt
0:00:07]} a4 {[%emt 0:00:03] } 48. Kf3 {[%emt 0:00:02]} a3 {[%emt 0:00:01]} 49.
Kg4 {[%emt 0:00:05]} a2 { [%emt 0:00:01]} 50. Kf3 {[%emt 0:00:03]} a1=Q {[%emt
0:00:04]} 51. Ke3 { [%emt 0:00:03]} Qa3+ {[%emt 0:00:02]} 52. Kd4 {[%emt
0:00:05]} Qb4+ {[%emt 0:00:02]} 53. Ke3 {[%emt 0:00:03]} Qc3+ {[%emt 0:00:02]}
54. Ke4 {[%emt 0:00:08]} Qc2+ {[%emt 0:00:00]} 55. Kd4 {[%emt 0:00:06]} Qb2+
{[%emt 0:00:03]} 56. Kc4 { [%emt 0:00:05]} Qa2+ {[%emt 0:00:03]} 57. Kd4 {[%emt
0:00:06]} Qa8 {[%emt 0:00:03]} 58. Kc4 {[%emt 0:00:08]} g5 {[%emt 0:00:01]} 59.
Kd4 {[%emt 0:00:03]} g4 { [%emt 0:00:01]} 60. Ke3 {[%emt 0:00:02]} g3 {[%emt
0:00:01]} 61. Ke2 {[%emt 0:00:02]} g2 {[%emt 0:00:01]} 62. Kf2 {[%emt 0:00:03]}
Qa2+ {[%emt 0:00:08]} 63. Kg1 {[%emt 0:00:03]} Qa1+ {[%emt 0:00:05]} 64. Kxg2
{[%emt 0:00:03]} Bc5 { [%emt 0:00:02]} 65. Kf3 {[%emt 0:00:03]} Qb1 {[%emt
0:00:02]} 66. Kf4 {[%emt 0:00:04]} Qb2 {[%emt 0:00:00]} 67. Ke4 {[%emt
0:00:02]} Bf2 {[%emt 0:00:02]} 68. Kd5 {[%emt 0:00:05]} Qb4 {[%emt 0:00:00]}
69. Ke5 {[%emt 0:00:03]} f6+ { [%emt 0:00:00]} 70. Kxf6 {[%emt 0:00:02]} Qc3+
{[%emt 0:00:02]} 71. Kg6 { [%emt 0:00:04]} Bd4 {[%emt 0:00:00]} 72. f6 {[%emt
0:00:06]} Qc5 {[%emt 0:00:00]} 73. f7+ {[%emt 0:00:03]} Kf8 {[%emt 0:00:05]}
74. b6 {[%emt 0:00:06]} Qb5 {[%emt 0:00:00]} 75. b7 {[%emt 0:00:10]} Qb6+
{[%emt 0:00:00] . Arbiter Decision (ClaimWin Time Overstepped), result=0} 0-1

[Event "DSJ Weihnachtsturnier U16: Steinitz 2020"]
[Site ""]
[Date "2020.12.28"]
[Round "3"]
[White "Gold, Michael"]
[Black "Gavrylyuk, Oleksandr"]
[Result "1-0"]
[Termination "normal"]
[Board "13.1"]
[WhiteElo "1408"]
[BlackElo "1030"]
[WhiteTeam "SK Kelheim 1920"]
[BlackTeam "TuS Makkabi Rostock 3"]
[PlyCount "71"]
[WhiteFideId "34605169"]
[BlackFideId "34609083"]
[EventRounds "7"]
[EventType "team-swiss"]
[EventDate "2020.12.28"]

1. e4 {[%emt 0:00:03]} c5 {[%emt 0:01:20]} 2. Nc3 {[%emt 0:00:09]} Nc6 { [%emt
0:00:03]} 3. g3 {[%emt 0:00:04]} g6 {[%emt 0:00:03]} 4. Bg2 {[%emt 0:00:06]}
Bg7 {[%emt 0:00:02]} 5. d3 {[%emt 0:00:07]} Nf6 {[%emt 0:00:02]} 6. f4 { [%emt
0:00:07]} O-O {[%emt 0:00:10]} 7. h3 {[%emt 0:00:04]} Qa5 {[%emt 0:00:15] } 8.
Nf3 {[%emt 0:00:11]} d6 {[%emt 0:00:08]} 9. O-O {[%emt 0:00:04]} Bd7 { [%emt
0:00:29]} 10. Be3 {[%emt 0:00:08]} Rac8 {[%emt 0:00:06]} 11. g4 {[%emt
0:00:04]} a6 {[%emt 0:00:54]} 12. f5 {[%emt 0:00:08]} Ne5 {[%emt 0:00:06]} 13.
Nxe5 {[%emt 0:00:06]} dxe5 {[%emt 0:00:01]} 14. Ne2 {[%emt 0:00:10]} Bc6 {
[%emt 0:00:17]} 15. Ng3 {[%emt 0:00:04]} Rfd8 {[%emt 0:00:16]} 16. g5 {[%emt
0:00:13]} Ne8 {[%emt 0:00:22]} 17. Qf3 {[%emt 0:00:05]} Nd6 {[%emt 0:00:14]}
18. h4 {[%emt 0:00:11]} Rf8 {[%emt 0:00:28]} 19. h5 {[%emt 0:00:08]} e6 {[%emt
0:00:18]} 20. f6 {[%emt 0:00:05]} Bh8 {[%emt 0:00:04]} 21. Bh3 {[%emt 0:00:19]}
Bd7 {[%emt 0:00:14]} 22. Kg2 {[%emt 0:00:19]} c4 {[%emt 0:00:12]} 23. Rf2 {
[%emt 0:00:15]} cxd3 {[%emt 0:00:11]} 24. cxd3 {[%emt 0:00:03]} Rc7 {[%emt
0:00:35]} 25. Raf1 {[%emt 0:00:12]} Rfc8 {[%emt 0:00:19]} 26. hxg6 {[%emt
0:00:05]} fxg6 {[%emt 0:00:04]} 27. f7+ {[%emt 0:00:04]} Kf8 {[%emt 0:00:03]}
28. Rh1 {[%emt 0:00:14]} Rc2 {[%emt 0:00:19]} 29. Bg4 {[%emt 0:00:05]} Rxf2+ {
[%emt 0:00:23]} 30. Qxf2 {[%emt 0:00:07]} Kg7 {[%emt 0:00:42]} 31. Qf6+ { [%emt
0:00:23]} Kf8 {[%emt 0:00:11]} 32. Qxh8+ {[%emt 0:00:04]} Ke7 {[%emt 0:00:02]}
33. Qf6+ {[%emt 0:00:05]} Kf8 {[%emt 0:00:03]} 34. Rxh7 {[%emt 0:00:03] } Rc2+
{[%emt 0:00:14]} 35. Ne2 {[%emt 0:00:06] Rostock4-001 offers a draw} Ne8 {[%emt
0:00:55]} 36. Rh8# {[%emt 0:00:03]} 1-0

[Event "DSJ Weihnachtsturnier U16: Steinitz 2020"]
[Site ""]
[Date "2020.12.28"]
[Round "3"]
[White "Markovych, Leonid"]
[Black "Bangsa, Pandu"]
[Result "1/2-1/2"]
[Termination "normal"]
[Board "13.2"]
[WhiteElo "1218"]
[BlackElo "1457"]
[WhiteTeam "TuS Makkabi Rostock 3"]
[BlackTeam "SK Kelheim 1920"]
[PlyCount "89"]
[WhiteFideId "34618449"]
[BlackFideId "16297873"]
[EventRounds "7"]
[EventType "team-swiss"]
[EventDate "2020.12.28"]

1. d4 {[%emt 0:00:02] Rostock4-002 reconnected.} e6 {[%emt 0:02:28]} 2. c4 {
[%emt 0:00:09]} Nf6 {[%emt 0:00:21]} 3. Nf3 {[%emt 0:00:06]} d5 {[%emt 0:00:09]
} 4. Bg5 {[%emt 0:00:05]} Be7 {[%emt 0:00:31]} 5. Nc3 {[%emt 0:00:07]} h6 {
[%emt 0:00:11]} 6. Bh4 {[%emt 0:00:04]} c5 {[%emt 0:00:07]} 7. dxc5 {[%emt
0:00:48]} Bd7 {[%emt 0:00:00]} 8. cxd5 {[%emt 0:00:21]} Nxd5 {[%emt 0:01:41]}
9. Nxd5 {[%emt 0:00:20]} Bxh4 {[%emt 0:00:07]} 10. Nxh4 {[%emt 0:00:03]} exd5 {
[%emt 0:00:06]} 11. Nf3 {[%emt 0:00:05]} Be6 {[%emt 0:00:04]} 12. e3 {[%emt
0:00:15]} Qa5+ {[%emt 0:00:02]} 13. Qd2 {[%emt 0:00:35]} Qxc5 {[%emt 0:00:03]}
14. Rc1 {[%emt 0:00:07]} Qb6 {[%emt 0:00:09]} 15. Nd4 {[%emt 0:00:22]} Nd7 {
[%emt 0:00:39]} 16. Nxe6 {[%emt 0:00:22]} Qxe6 {[%emt 0:00:35]} 17. Be2 { [%emt
0:00:23]} O-O {[%emt 0:00:04]} 18. O-O {[%emt 0:00:04]} Rac8 {[%emt 0:00:07]}
19. Bf3 {[%emt 0:00:14]} Nf6 {[%emt 0:00:05]} 20. Qd4 {[%emt 0:01:00]} b6
{[%emt 0:00:16]} 21. Rfd1 {[%emt 0:00:44]} Rxc1 {[%emt 0:00:14]} 22. Rxc1 {
[%emt 0:00:06]} Rc8 {[%emt 0:00:08]} 23. Rxc8+ {[%emt 0:00:18]} Qxc8 {[%emt
0:00:02]} 24. Qd2 {[%emt 0:00:07]} Ne4 {[%emt 0:00:14]} 25. Bxe4 {[%emt
0:00:16]} dxe4 {[%emt 0:00:29]} 26. g3 {[%emt 0:00:03]} f5 {[%emt 0:00:25]} 27.
Qd5+ { [%emt 0:00:28]} Kh8 {[%emt 0:00:07]} 28. Qd2 {[%emt 0:00:05]} a6 {[%emt
0:00:06]} 29. a3 {[%emt 0:00:05]} b5 {[%emt 0:00:06]} 30. b4 {[%emt 0:00:12]}
h5 { [%emt 0:00:37]} 31. Kg2 {[%emt 0:00:04]} Kh7 {[%emt 0:00:02]} 32. h4
{[%emt 0:00:09]} Kh6 {[%emt 0:00:06]} 33. Qd6+ {[%emt 0:00:21]} g6 {[%emt
0:00:02]} 34. Qf6 {[%emt 0:00:33]} Qb7 {[%emt 0:00:09]} 35. Qh8+ {[%emt
0:00:34]} Qh7 { [%emt 0:00:00]} 36. Qa8 {[%emt 0:00:22]} Qg7 {[%emt 0:00:05]}
37. Qxa6 { [%emt 0:00:06]} Qd7 {[%emt 0:00:01]} 38. Qf6 {[%emt 0:00:10]} Kh7
{[%emt 0:00:05]} 39. Qe5 {[%emt 0:00:26]} Qc6 {[%emt 0:00:12]} 40. Qe7+ {[%emt
0:00:09]} Kh6 {[%emt 0:00:02]} 41. Qf8+ {[%emt 0:00:06]} Kh7 {[%emt 0:00:01]}
42. Qf7+ { [%emt 0:00:02]} Kh6 {[%emt 0:00:02]} 43. Qf8+ {[%emt 0:00:04]} Kh7
{[%emt 0:00:02]} 44. Qf7+ {[%emt 0:00:04]} Kh6 {[%emt 0:00:02]} 45. Qf8+ {[%emt
0:00:01]} 1/2-1/2

[Event "DSJ Weihnachtsturnier U16: Steinitz 2020"]
[Site ""]
[Date "2020.12.28"]
[Round "3"]
[White "Eisenschink, Fabian"]
[Black "Mochtak, Maximilian"]
[Result "1-0"]
[Termination "normal"]
[Board "13.3"]
[WhiteElo "795"]
[BlackElo "1007"]
[WhiteTeam "SK Kelheim 1920"]
[BlackTeam "TuS Makkabi Rostock 3"]
[PlyCount "43"]
[BlackFideId "34618562"]
[EventRounds "7"]
[EventType "team-swiss"]
[EventDate "2020.12.28"]

1. e4 {[%emt 0:00:31]} c5 {[%emt 0:00:08] Kelheim3-003 reconnected.
Kelheim3-003 reconnected.} 2. Bc4 { [%emt 0:01:16]} e6 {[%emt 0:00:08]} 3. Nf3
{[%emt 0:00:04]} Nf6 {[%emt 0:00:16] } 4. Nc3 {[%emt 0:00:03]} Nc6 {[%emt
0:00:12]} 5. d3 {[%emt 0:00:03]} Nd4 { [%emt 0:00:05]} 6. Be3 {[%emt 0:00:14]}
Nxf3+ {[%emt 0:00:13]} 7. Qxf3 { [%emt 0:00:08]} b6 {[%emt 0:00:00]} 8. Bg5
{[%emt 0:00:04]} h6 {[%emt 0:00:04]} 9. Bh4 {[%emt 0:00:13]} Be7 {[%emt
0:00:24]} 10. e5 {[%emt 0:00:16]} Nd5 { [%emt 0:00:10]} 11. Bxe7 {[%emt
0:00:18]} Qxe7 {[%emt 0:00:11]} 12. Nxd5 { [%emt 0:00:15]} Qg5 {[%emt 0:00:20]}
13. Nc7+ {[%emt 0:00:36] Rostock4-003 reconnected.} Kf8 {[%emt 0:00:24]} 14.
Qxa8 {[%emt 0:00:06]} Qxe5+ {[%emt 0:00:07]} 15. Qe4 {[%emt 0:00:29]} Qxc7
{[%emt 0:00:05]} 16. O-O-O {[%emt 0:00:10]} Bb7 {[%emt 0:00:06]} 17. Qg4 {[%emt
0:00:08]} f5 {[%emt 0:00:10]} 18. Qg3 { [%emt 0:00:24]} e5 {[%emt 0:00:31]} 19.
Rhe1 {[%emt 0:00:23]} d6 {[%emt 0:00:12]} 20. Qg6 {[%emt 0:00:50]} Qd7 {[%emt
0:00:26]} 21. Be6 {[%emt 0:00:11]} Qa4 {[%emt 0:00:04]} 22. Qf7# {[%emt
0:00:08]} 1-0

[Event "DSJ Weihnachtsturnier U16: Steinitz 2020"]
[Site ""]
[Date "2020.12.28"]
[Round "3"]
[White "Garde, Edgar Emil"]
[Black "Usik, Maxim"]
[Result "0-1"]
[Termination "normal"]
[Board "13.4"]
[WhiteElo "1019"]
[BlackElo "1467"]
[WhiteTeam "TuS Makkabi Rostock 3"]
[BlackTeam "SK Kelheim 1920"]
[PlyCount "98"]
[WhiteFideId "34686355"]
[BlackFideId "16222075"]
[EventRounds "7"]
[EventType "team-swiss"]
[EventDate "2020.12.28"]

1. e4 {[%emt 0:00:05]} e5 {[%emt 0:00:07]} 2. Nf3 {[%emt 0:00:02]} Nc6 { [%emt
0:00:02]} 3. Bc4 {[%emt 0:00:04]} Nf6 {[%emt 0:00:03]} 4. Nc3 {[%emt 0:00:05]}
Nxe4 {[%emt 0:00:02]} 5. Nxe4 {[%emt 0:00:04]} d5 {[%emt 0:00:02]} 6. Bb5
{[%emt 0:00:09]} dxe4 {[%emt 0:00:14]} 7. Bxc6+ {[%emt 0:00:02]} bxc6 { [%emt
0:00:08]} 8. Ng1 {[%emt 0:00:11]} Bc5 {[%emt 0:00:12]} 9. d3 {[%emt 0:00:06]}
Bf5 {[%emt 0:00:11]} 10. Qe2 {[%emt 0:00:29]} Qd5 {[%emt 0:00:50]} 11. c4
{[%emt 0:00:13]} Qxd3 {[%emt 0:00:31]} 12. Qxd3 {[%emt 0:00:05]} exd3 {[%emt
0:00:01]} 13. Be3 {[%emt 0:00:13]} Bxe3 {[%emt 0:00:38]} 14. fxe3 {[%emt
0:00:00] } O-O {[%emt 0:00:03]} 15. Nf3 {[%emt 0:00:04]} f6 {[%emt 0:00:13]}
16. O-O { [%emt 0:00:04]} Rab8 {[%emt 0:00:09]} 17. b3 {[%emt 0:00:43]} Rfd8
{[%emt 0:00:11]} 18. Rad1 {[%emt 0:00:07]} e4 {[%emt 0:00:39]} 19. Nh4 {[%emt
0:00:09]} Bg4 {[%emt 0:00:09]} 20. h3 {[%emt 0:00:15]} Bxd1 {[%emt 0:00:05]}
21. Rxd1 { [%emt 0:00:04]} Kf7 {[%emt 0:00:11]} 22. Kf2 {[%emt 0:00:17]} Ke6
{[%emt 0:00:24]} 23. g4 {[%emt 0:00:06]} g5 {[%emt 0:00:06]} 24. Nf5 {[%emt
0:00:07]} Rb6 { [%emt 0:00:42]} 25. Ng7+ {[%emt 0:00:40]} Kf7 {[%emt 0:00:06]}
26. Nf5 { [%emt 0:00:08]} Ra6 {[%emt 0:00:29]} 27. Rd2 {[%emt 0:00:06]} c5
{[%emt 0:00:12]} 28. Ng3 {[%emt 0:00:07]} Re8 {[%emt 0:00:13]} 29. Nf5 {[%emt
0:00:46]} Rb6 {[%emt 0:00:15]} 30. Nh6+ {[%emt 0:00:32]} Kf8 {[%emt 0:00:24]}
31. Nf5 { [%emt 0:00:21]} a5 {[%emt 0:00:27]} 32. Kg3 {[%emt 0:01:07]} Ra6
{[%emt 0:00:16]} 33. h4 {[%emt 0:00:08]} a4 {[%emt 0:00:35]} 34. hxg5 {[%emt
0:00:18]} fxg5 {[%emt 0:00:02]} 35. Rf2 {[%emt 0:00:05]} Kg8 {[%emt 0:00:14]}
36. Kg2 { [%emt 0:00:36]} axb3 {[%emt 0:00:35]} 37. axb3 {[%emt 0:00:09]} Ra3
{[%emt 0:00:19]} 38. Ng3 {[%emt 0:00:03]} Rxb3 {[%emt 0:00:21]} 39. Rf5 {[%emt
0:00:09]} h6 {[%emt 0:00:32]} 40. Rxc5 {[%emt 0:00:19]} d2 {[%emt 0:00:17]} 41.
Rd5 { [%emt 0:00:24]} Rd3 {[%emt 0:00:01]} 42. Rxd3 {[%emt 0:00:10]} exd3
{[%emt 0:00:02]} 43. Nf1 {[%emt 0:00:12]} d1=Q {[%emt 0:00:02]} 44. Kf2 {[%emt
0:00:07]} Qe2+ {[%emt 0:00:01]} 45. Kg1 {[%emt 0:00:03]} d2 {[%emt 0:00:01]}
46. Nxd2 { [%emt 0:00:04]} Qxd2 {[%emt 0:00:03]} 47. Kf1 {[%emt 0:00:03]} Rxe3
{[%emt 0:00:02]} 48. Kg1 {[%emt 0:00:02]} Re2 {[%emt 0:00:02]} 49. Kh1 {[%emt
0:00:23]} Qe1# {[%emt 0:00:01]} 0-1

[Event "DSJ Weihnachtsturnier U16: Steinitz 2020"]
[Site ""]
[Date "2020.12.28"]
[Round "3"]
[White "Schulz, Bruno Andreas"]
[Black "Duong, Quang Bach"]
[Result "1-0"]
[Termination "normal"]
[Board "14.1"]
[WhiteElo "1171"]
[BlackElo "1440"]
[WhiteTeam "TuS Makkabi Rostock 2"]
[BlackTeam "SK Nürnberg 1911"]
[PlyCount "45"]
[WhiteFideId "34618473"]
[BlackFideId "16287045"]
[EventRounds "7"]
[EventType "team-swiss"]
[EventDate "2020.12.28"]

1. d4 {[%emt 0:00:04]} d5 {[%emt 0:00:03]} 2. c4 {[%emt 0:00:17]} c6 {[%emt
0:00:02]} 3. Nf3 {[%emt 0:00:10]} Nf6 {[%emt 0:00:02]} 4. Nc3 {[%emt 0:00:02]}
e6 {[%emt 0:00:02]} 5. Bf4 {[%emt 0:00:00]} dxc4 {[%emt 0:00:06]} 6. e4 {[%emt
0:00:04]} b5 {[%emt 0:00:03]} 7. a4 {[%emt 0:00:04]} b4 {[%emt 0:00:22]} 8. Na2
{ [%emt 0:00:02]} Nxe4 {[%emt 0:00:02]} 9. Bxc4 {[%emt 0:00:02]} Bb7 {[%emt
0:00:11]} 10. Qd3 {[%emt 0:00:23]} Nd6 {[%emt 0:00:44]} 11. Nxb4 {[%emt
0:00:11]} Qa5 {[%emt 0:00:13]} 12. Bd2 {[%emt 0:00:16]} Nxc4 {[%emt 0:00:26]}
13. Qxc4 { [%emt 0:00:14]} Qh5 {[%emt 0:00:07]} 14. O-O {[%emt 0:00:10]} Bd6
{[%emt 0:00:05]} 15. Rae1 {[%emt 0:00:10]} c5 {[%emt 0:00:14]} 16. Qb5+ {[%emt
0:00:07]} Bc6 {[%emt 0:00:37]} 17. Nxc6 {[%emt 0:00:09]} a6 {[%emt 0:00:05]}
18. Qb7 { [%emt 0:00:10]} O-O {[%emt 0:00:16]} 19. Qxa8 {[%emt 0:00:05]} Nd7
{[%emt 0:00:26]} 20. Qb7 {[%emt 0:00:06]} Nf6 {[%emt 0:00:07]} 21. dxc5 {[%emt
0:00:06]} Bxc5 {[%emt 0:00:11]} 22. Ne7+ {[%emt 0:00:23]} Kh8 {[%emt 0:00:06]}
23. Re5 { [%emt 0:00:18] Nuernberg001 resigns} 1-0

[Event "DSJ Weihnachtsturnier U16: Steinitz 2020"]
[Site ""]
[Date "2020.12.28"]
[Round "3"]
[White "Weinmann, Benedict"]
[Black "Kirchner, Bao Long Marc"]
[Result "1-0"]
[Termination "time forfeit"]
[Board "14.2"]
[WhiteElo "1165"]
[BlackElo "1312"]
[WhiteTeam "SK Nürnberg 1911"]
[BlackTeam "TuS Makkabi Rostock 2"]
[PlyCount "77"]
[WhiteFideId "34601937"]
[EventRounds "7"]
[EventType "team-swiss"]
[EventDate "2020.12.28"]

1. e4 {[%emt 0:00:05] Nuernberg002 reconnected.} c5 {[%emt 0:01:08]} 2. Nf3 {
[%emt 0:00:04]} Nc6 {[%emt 0:00:02]} 3. d4 {[%emt 0:00:02]} cxd4 {[%emt
0:00:02]} 4. Nxd4 {[%emt 0:00:01]} Nxd4 {[%emt 0:00:01]} 5. Qxd4 {[%emt
0:00:03]} e6 {[%emt 0:00:02]} 6. Nc3 {[%emt 0:00:11]} Qc7 {[%emt 0:00:04]} 7.
Bd3 {[%emt 0:00:14]} a6 {[%emt 0:00:10]} 8. a4 {[%emt 0:00:05]} b6 {[%emt
0:00:17]} 9. O-O { [%emt 0:00:11]} Bb7 {[%emt 0:00:07]} 10. Qe3 {[%emt
0:00:08]} d6 {[%emt 0:00:10]} 11. b4 {[%emt 0:00:31]} Nf6 {[%emt 0:00:05]} 12.
b5 {[%emt 0:00:06]} a5 { [%emt 0:01:09]} 13. Bd2 {[%emt 0:00:05]} Be7 {[%emt
0:00:07]} 14. Qe2 {[%emt 0:00:52]} Rc8 {[%emt 0:01:23]} 15. Rac1 {[%emt
0:00:53] Nuernberg002 reconnected. } d5 {[%emt 0:02:03]} 16. e5 {[%emt
0:01:00]} Ne4 {[%emt 0:00:04]} 17. Nd1 { [%emt 0:01:02]} Nxd2 {[%emt 0:00:14]}
18. Qxd2 {[%emt 0:00:06]} Qxe5 {[%emt 0:00:01]} 19. Re1 {[%emt 0:00:19]} Qd6
{[%emt 0:00:38]} 20. Ne3 {[%emt 0:00:22]} Bg5 {[%emt 0:00:14]} 21. Qe2 {[%emt
0:00:20]} d4 {[%emt 0:00:10]} 22. Nc4 { [%emt 0:00:09]} Qd5 {[%emt 0:00:25]}
23. f4 {[%emt 0:00:21]} Bxf4 {[%emt 0:00:08]} 24. Rcd1 {[%emt 0:00:03]} Be3+
{[%emt 0:00:10]} 25. Kh1 {[%emt 0:00:06]} O-O {[%emt 0:00:30]} 26. Nxb6 {[%emt
0:00:23]} Qg5 {[%emt 0:00:42] Nuernberg002 reconnected.} 27. Nxc8 {[%emt
0:00:26]} Rxc8 {[%emt 0:00:00]} 28. c4 {[%emt 0:00:42]} f5 {[%emt 0:00:06]} 29.
Rf1 {[%emt 0:00:14]} f4 {[%emt 0:00:06]} 30. Rde1 {[%emt 0:00:30]} Rf8 {[%emt
0:00:05]} 31. c5 {[%emt 0:00:05]} Bd5 {[%emt 0:00:07]} 32. c6 {[%emt 0:00:08]}
f3 {[%emt 0:00:10]} 33. gxf3 { [%emt 0:00:02]} Rxf3 {[%emt 0:00:06]} 34. Rxf3
{[%emt 0:00:03]} Bxf3+ {[%emt 0:00:01]} 35. Qxf3 {[%emt 0:00:08]} Qh4 {[%emt
0:00:02]} 36. Rf1 {[%emt 0:00:19]} Qd8 {[%emt 0:00:20]} 37. c7 {[%emt 0:00:02]}
Qc8 {[%emt 0:00:02]} 38. b6 { [%emt 0:00:02]} h6 {[%emt 0:00:08]} 39. Qe4
{[%emt 0:00:01] TimeB} 1-0

[Event "DSJ Weihnachtsturnier U16: Steinitz 2020"]
[Site ""]
[Date "2020.12.28"]
[Round "3"]
[White "Köpnick, Amanda"]
[Black "Heemann, Jonas"]
[Result "1-0"]
[Termination "normal"]
[Board "14.3"]
[WhiteElo "1123"]
[BlackElo "998"]
[WhiteTeam "TuS Makkabi Rostock 2"]
[BlackTeam "SK Nürnberg 1911"]
[PlyCount "101"]
[WhiteFideId "34618538"]
[BlackFideId "34686975"]
[EventRounds "7"]
[EventType "team-swiss"]
[EventDate "2020.12.28"]

1. e4 {[%emt 0:00:04]} Nf6 {[%emt 0:00:09]} 2. Nc3 {[%emt 0:00:05]} d6 { [%emt
0:00:05]} 3. Nf3 {[%emt 0:00:02]} Bg4 {[%emt 0:00:03]} 4. Be2 {[%emt 0:00:02]}
g6 {[%emt 0:00:05]} 5. O-O {[%emt 0:00:03]} Bg7 {[%emt 0:00:03]} 6. d4 {[%emt
0:00:14]} Nfd7 {[%emt 0:00:22]} 7. Bf4 {[%emt 0:00:16]} Bxf3 {[%emt 0:00:07]}
8. Bxf3 {[%emt 0:00:03]} O-O {[%emt 0:00:11]} 9. Qe2 {[%emt 0:00:07]} f5 {[%emt
0:00:05]} 10. e5 {[%emt 0:00:06]} dxe5 {[%emt 0:00:07]} 11. dxe5 { [%emt
0:00:05]} Nc6 {[%emt 0:00:13]} 12. Qc4+ {[%emt 0:00:12]} Kh8 {[%emt 0:00:15]}
13. Bxc6 {[%emt 0:00:08]} bxc6 {[%emt 0:00:08]} 14. Qxc6 {[%emt 0:00:02]} Nxe5
{[%emt 0:00:04]} 15. Qc5 {[%emt 0:00:11]} Nf7 {[%emt 0:00:34]} 16. Qxc7 { [%emt
0:00:08]} Rb8 {[%emt 0:00:16]} 17. Qxb8 {[%emt 0:00:10]} Qxb8 {[%emt 0:00:01]}
18. Bxb8 {[%emt 0:00:01]} Rxb8 {[%emt 0:00:01]} 19. Rab1 {[%emt 0:00:07]} Rc8
{[%emt 0:00:08]} 20. Nd5 {[%emt 0:00:05]} Bf8 {[%emt 0:00:21]} 21. Rfe1 {[%emt
0:00:05]} e5 {[%emt 0:00:11]} 22. c3 {[%emt 0:00:09]} e4 {[%emt 0:00:05]} 23.
b4 {[%emt 0:00:20]} Kg7 {[%emt 0:00:10]} 24. b5 {[%emt 0:00:06]} Rd8 {[%emt
0:00:11]} 25. Nc7 {[%emt 0:00:12]} Bd6 {[%emt 0:00:12]} 26. Ne6+ { [%emt
0:00:05]} Kf6 {[%emt 0:00:07]} 27. Nxd8 {[%emt 0:00:02]} Nxd8 {[%emt 0:00:00]}
28. Red1 {[%emt 0:00:03]} Bc7 {[%emt 0:00:07]} 29. Rd7 {[%emt 0:00:03]} Ba5
{[%emt 0:00:05]} 30. Rxa7 {[%emt 0:00:04]} Bb6 {[%emt 0:00:05]} 31. Ra6 { [%emt
0:00:03]} Ke5 {[%emt 0:00:14]} 32. Rxb6 {[%emt 0:00:03]} f4 {[%emt 0:00:01]}
33. a4 {[%emt 0:00:02]} e3 {[%emt 0:00:01]} 34. fxe3 {[%emt 0:00:02]} fxe3
{[%emt 0:00:00]} 35. Kf1 {[%emt 0:00:01]} Ke4 {[%emt 0:00:01]} 36. Ke2 { [%emt
0:00:02]} Nf7 {[%emt 0:00:02]} 37. Re6+ {[%emt 0:00:02]} Kf4 {[%emt 0:00:03]}
38. Rxe3 {[%emt 0:00:01]} Ne5 {[%emt 0:00:04]} 39. Rxe5 {[%emt 0:00:02]} Kxe5
{[%emt 0:00:01]} 40. b6 {[%emt 0:00:01]} Kd6 {[%emt 0:00:02]} 41. b7 { [%emt
0:00:01]} Kc6 {[%emt 0:00:01]} 42. b8=Q {[%emt 0:00:01]} Kc5 {[%emt 0:00:01]}
43. Qb4+ {[%emt 0:00:03]} Kd5 {[%emt 0:00:02]} 44. Rd1+ {[%emt 0:00:02]} Kc6
{[%emt 0:00:02]} 45. Rd4 {[%emt 0:00:03]} h5 {[%emt 0:00:04]} 46. Qc4+ { [%emt
0:00:02]} Kb6 {[%emt 0:00:01]} 47. Rd5 {[%emt 0:00:05]} g5 {[%emt 0:00:02]} 48.
Rb5+ {[%emt 0:00:03]} Ka6 {[%emt 0:00:02]} 49. Rb4+ {[%emt 0:00:03]} Ka7 {[%emt
0:00:09]} 50. Qc7+ {[%emt 0:00:04]} Ka6 {[%emt 0:00:03]} 51. Qb6# { [%emt
0:00:02]} 1-0